Click Countries of Asia on a Map - Statistics

General Stats
  • This quiz has been taken 1,178 times
    729 since last reset
  • The average score is 33 of 48
Answers on the Map
Answers color-coded by a green-red scale on the quiz's map according to % correct below.
 
Answer Stats
Answer % Correct
India
84%
China
83%
North Korea
81%
Japan
80%
Saudi Arabia
80%
Israel
78%
South Korea
78%
Mongolia
77%
Cyprus
76%
Indonesia
76%
Sri Lanka
76%
Kazakhstan
75%
Turkey
75%
Vietnam
75%
Taiwan
74%
Iran
73%
Philippines
73%
Nepal
71%
Pakistan
71%
Georgia
70%
Bangladesh
69%
Myanmar
69%
Thailand
69%
Afghanistan
68%
Armenia
68%
Maldives
68%
Iraq
67%
Yemen
67%
Cambodia
66%
Malaysia
66%
Oman
66%
Qatar
66%
Azerbaijan
65%
Laos
65%
Singapore
65%
United Arab Emirates
64%
Bhutan
63%
Syria
63%
Tajikistan
63%
Lebanon
61%
Turkmenistan
61%
East Timor
60%
Kuwait
60%
Kyrgyzstan
60%
Uzbekistan
60%
Brunei
58%
Jordan
58%
Bahrain
57%
No matching quizzes found
Score Distribution
Percent of People with Each Score
Percentile by Number Answered
Your Score History
You have not taken this quiz since the last reset